[Event "chess.com Speed 1m+1spm 2017"]
[Site "chess.com INT"]
[Date "2018.01.03"]
[Round "4.24"]
[White "Carlsen,M"]
[Black "Nakamura,Hi"]
[Result "1-0"]
[WhiteElo "2832"]
[BlackElo "2786"]

1.e4 e6 2.d4 d5 3.exd5 Qxd5 4.Nf3 Nf6 5.c4 Qd8 6.Nc3 Be7 7.Bd3 O-O 8.O-O b6
9.Bf4 Bb7 10.Qe2 Nc6 11.Rad1 Bd6 12.Bg5 h6 13.Bh4 Be7 14.d5 exd5 15.cxd5 Nb4
16.Rfe1 Nxd3 17.Qxd3 Re8 18.Ne5 Nxd5 19.Bxe7 Rxe7 20.Nxd5 Qxd5 21.Qxd5 Bxd5
22.Rxd5 Rae8 23.Re3 Re6 24.Nc4 c6 25.Rxe6 Rxe6 26.Rd8+  1-0

[Event "chess.com Speed 5m+2spm 2017"]
[Site "chess.com INT"]
[Date "2018.01.03"]
[Round "4.5"]
[White "Nakamura,Hi"]
[Black "Carlsen,M"]
[Result "0-1"]
[WhiteElo "2786"]
[BlackElo "2832"]

1.d4 d5 2.c4 c6 3.Nf3 Nf6 4.e3 a6 5.Bd3 Bg4 6.Nbd2 e6 7.h3 Bh5 8.Qc2 dxc4
9.Nxc4 Bxf3 10.gxf3 c5 11.dxc5 Bxc5 12.a3 Nc6 13.b4 Be7 14.Bb2 Rc8 15.Qb3 Qd5
16.Nd2 Qh5 17.f4 O-O 18.Be2 Qf5 19.Bd3 Qh5 20.Be2 Qh6 21.Bf3 Rfd8 22.Ke2 Nd5
23.Rad1 Bf6 24.Ne4 Bxb2 25.Qxb2 Nce7 26.Rhg1 Ng6 27.Rg3 Qh4 28.Ng5 Nc3+ 29.Qxc3 Rxc3
30.Rxd8+ Nf8 31.Rg4 Qh6 32.Ne4 Rc2+ 33.Ke1 f5 34.Ng5 fxg4 35.Bxg4 Rc6 36.Re8 Qg6  0-1

[Event "chess.com Speed 3m+2spm 2017"]
[Site "chess.com INT"]
[Date "2018.01.03"]
[Round "4.16"]
[White "Carlsen,M"]
[Black "Nakamura,Hi"]
[Result "1/2-1/2"]
[WhiteElo "2832"]
[BlackElo "2786"]

1.e4 c5 2.Nf3 d6 3.d4 cxd4 4.Nxd4 Nf6 5.Nc3 g6 6.Be3 Bg7 7.Be2 Nc6 8.Qd2 O-O
9.O-O-O Ng4 10.Bxg4 Bxg4 11.f3 Be6 12.Kb1 Rc8 13.h4 Qa5 14.Nd5 Bxd5 15.Qxa5 Nxa5
16.exd5 Nc4 17.Bc1 Nb6 18.Nb3 a5 19.Nxa5 Rc5 20.Nb3 Rxd5 21.Rxd5 Nxd5 22.h5 Rc8
23.hxg6 hxg6 24.Bd2 b5 25.c3 f5 26.a3 Nb6 27.Bg5 e6 28.Rh4 Nc4 29.Nd4 Bxd4
30.Rxd4 Kf7 31.b3 Na5 32.Kb2 d5 33.Rb4 Rb8 34.a4 e5 35.Rxb5 Rxb5 36.axb5 Ke6
37.Ka3 f4 38.Kb4 Nb7 39.b6 Kf5 40.Bh4 g5 41.Be1 Ke6 42.Kb5 e4 43.Kc6 Na5+
44.Kb5 Nb7 45.b4 Kd7 46.Ka6 Kc8 47.Ka7 Nd6 48.c4 dxc4 49.fxe4 g4 50.e5 Nb5+
51.Ka8 Nc7+ 52.bxc7 f3 53.gxf3 gxf3 54.b5 Kxc7 55.Ka7 c3 56.b6+ Kd7 57.b7 c2
58.b8=Q c1=Q 59.Qd6+ Ke8 60.Qe6+ Kf8 61.Bb4+ Kg7 62.Qf6+ Kh7 63.Qe7+ Kg6
64.Bc5 Kf5 65.e6 Qa1+ 66.Kb7 Qb2+ 67.Kc8 Qc3 68.Kd7 Qd3+ 69.Ke8 Qd5 70.Kf7 Qe5
71.Bd6 Qh8 72.Bg3 Qh7+ 73.Ke8 Qg8+ 74.Qf8+ Qxf8+ 75.Kxf8 Kxe6 76.Bf2 Kd7
77.Kf7 Kc6  1/2-1/2

[Event "chess.com Speed 5m+2spm 2017"]
[Site "chess.com INT"]
[Date "2018.01.03"]
[Round "4.2"]
[White "Carlsen,M"]
[Black "Nakamura,Hi"]
[Result "1/2-1/2"]
[WhiteElo "2832"]
[BlackElo "2786"]

1.Nf3 d5 2.g3 g6 3.c4 dxc4 4.Na3 Nc6 5.Nxc4 Bg7 6.Bg2 e5 7.d3 e4 8.dxe4 Qxd1+
9.Kxd1 Nf6 10.Ne3 Nxe4 11.Ke1 Be6 12.Nd2 Nd6 13.Bxc6+ bxc6 14.Nb3 Rb8 15.f3 O-O
16.Kf2 Bxb3 17.axb3 Rxb3 18.Rd1 Ra8 19.Rd2 a5 20.Nd1 c5 21.Rc2 c4 22.Bd2 a4
23.Bc3 Bxc3 24.Nxc3 a3 25.Nb1 Nb5 26.Nxa3 c3 27.Nxb5 Rxa1 28.Nxc3 Rh1 29.h4 Kg7
30.Ne4 h6 31.Nc5 Rb6 32.Nd3 Re6 33.Kg2 Rb1 34.Kf2 Re7 35.b4 Rh1 36.Kg2 Rb1
37.Kf2 Rb3 38.Kf1 Ra3 39.Kf2 Ra1 40.Kg2 Rd1 41.Kf2 Ra1 42.Kg2 Ra6 43.Kf2 Rf6
44.Nf4 Rd6 45.Nd3 c6 46.Rc4 Rde6 47.Nf4 Rd6 48.Nd3 Ra7 49.Rc2 Re6 50.Nc5 Rd6
51.Nd3 Ra1 52.Kg2 Ra6 53.Kf2 Rb6 54.Rc4 Re6 55.Nc5 Re7 56.Nd3 Re6 57.Nc5 Re8
58.Nd3 Ra6 59.Rc2 Ra3 60.Rxc6 Ra2 61.Nc1 Rb2 62.Rc4 Rd8 63.Re4 Rd1 64.Rc4 g5
65.hxg5 hxg5 66.g4 Rd8  1/2-1/2

[Event "chess.com Speed 1m+1spm 2017"]
[Site "chess.com INT"]
[Date "2018.01.03"]
[Round "4.21"]
[White "Nakamura,Hi"]
[Black "Carlsen,M"]
[Result "0-1"]
[WhiteElo "2786"]
[BlackElo "2832"]

1.d4 d5 2.Nf3 c6 3.c4 Nf6 4.Nc3 a6 5.Bf4 dxc4 6.e3 b5 7.Be2 Bb7 8.b3 cxb3
9.Qxb3 e6 10.O-O Nbd7 11.Ng5 Be7 12.a4 O-O 13.Bf3 Nd5 14.Nh3 Nxc3 15.Qxc3 Nb6
16.Qb3 Qd7 17.Ng5 Bxg5 18.Bxg5 Nxa4 19.Rxa4 bxa4 20.Qxa4 a5 21.Rc1 Rfc8 22.h4 h6
23.Bf4 Qe7 24.h5 c5 25.Bd6 Qxd6 26.Bxb7 c4 27.Bxa8 Rxa8 28.Rxc4 Qd5 29.Rc5 Qd8
30.Rb5 Qe8 31.g3 f5 32.Qc4 a4 33.Rb6 a3 34.Ra6 Kh7 35.g4 Rxa6 36.Qxa6 fxg4
37.Qd3+ Kg8 38.Qxa3 Qxh5 39.Qd6 Qd5 40.Qe7 Qf5 41.Qe8+ Kh7 42.Qd7 Qe4 43.Qf7 g3
44.Qc7 gxf2+ 45.Kxf2 Qf5+ 46.Ke2 h5 47.e4 Qxe4+ 48.Kf2 Qxd4+  0-1

[Event "chess.com Speed 1m+1spm 2017"]
[Site "chess.com INT"]
[Date "2018.01.03"]
[Round "4.22"]
[White "Carlsen,M"]
[Black "Nakamura,Hi"]
[Result "1-0"]
[WhiteElo "2832"]
[BlackElo "2786"]

1.e4 c5 2.Nf3 d6 3.Bb5+ Bd7 4.Bxd7+ Nxd7 5.O-O Ngf6 6.d3 e6 7.Ng5 Be7 8.f4 O-O
9.c4 Nb8 10.Nc3 Nc6 11.Be3 d5 12.Bf2 h6 13.Nf3 dxe4 14.dxe4 e5 15.f5 Re8
16.Re1 Nd4 17.Nxe5 Bd6 18.Nf3 Ng4 19.h3 Nxf2 20.Kxf2 Qb6 21.b3 Nxf3 22.Qxf3 Be5
23.Nd5 Qa5 24.Rad1 Qxa2+ 25.Re2 Qa5 26.f6 Re6 27.fxg7 Rae8 28.Kg1 Rg6 29.Rf1 Rxg7
30.Kh1 Qd8 31.Qe3 Qd6 32.Rf5 Qg6 33.Qf3 Re6 34.Rd2 Kh7 35.Rxe5  1-0

[Event "chess.com Speed 5m+2spm 2017"]
[Site "chess.com INT"]
[Date "2018.01.03"]
[Round "4.4"]
[White "Carlsen,M"]
[Black "Nakamura,Hi"]
[Result "1-0"]
[WhiteElo "2832"]
[BlackElo "2786"]

1.Nf3 d5 2.g3 g6 3.Bg2 Bg7 4.O-O e5 5.d3 Ne7 6.e4 O-O 7.Nc3 dxe4 8.dxe4 c6
9.Qe2 h6 10.a4 a5 11.Rd1 Qc7 12.Be3 Na6 13.Nd2 Be6 14.Nc4 Nc8 15.Rd2 Rb8
16.Rad1 Kh7 17.h4 h5 18.Kh2 b5 19.Nd6 Nxd6 20.Rxd6 Qb7 21.Bh3 Bxh3 22.Kxh3 Nc7
23.Rd7 Qc8 24.Kh2 Ne6 25.R1d6 Nd4 26.Qd1 Rb7 27.Rxb7 Qxb7 28.axb5 Nxb5 29.Nxb5 Qxb5
30.b3 a4 31.bxa4 Qxa4 32.Qd3 Rb8 33.c4 Bh6 34.Bxh6 Kxh6 35.Rd7 Kg7 36.Kg2 Re8
37.Rc7 Rf8 38.Re7 Qa1 39.Qd6 Qd4 40.Qxe5+ Qxe5 41.Rxe5 Ra8 42.Rc5 Ra6 43.Kf3 Kf6
44.Kf4 Ke6 45.Re5+ Kf6 46.f3 Ra4 47.Rc5 Ra6 48.g4 hxg4 49.fxg4 Ke6 50.h5 Kd6
51.hxg6 fxg6 52.Rg5 Ra8 53.c5+  1-0

[Event "chess.com Speed 5m+2spm 2017"]
[Site "chess.com INT"]
[Date "2018.01.03"]
[Round "4.3"]
[White "Nakamura,Hi"]
[Black "Carlsen,M"]
[Result "1-0"]
[WhiteElo "2786"]
[BlackElo "2832"]

1.d4 Nf6 2.c4 e6 3.Nf3 d5 4.Nc3 Be7 5.Bf4 O-O 6.e3 Nbd7 7.c5 Ne4 8.Rc1 Nxc3
9.Rxc3 b6 10.c6 Nf6 11.a3 Ne4 12.Rc2 a5 13.Bd3 f6 14.Qe2 g5 15.Bg3 Bd6 16.O-O Nxg3
17.fxg3 g4 18.Nd2 f5 19.a4 Qe7 20.Bb5 e5 21.dxe5 Qxe5 22.Nb3 Be6 23.Nd4 Rae8
24.Qd3 Bc8 25.Re2 Bc5 26.Rd1 Kg7 27.Qc3 Qf6 28.Rf2 Re4 29.Rf4 Rfe8 30.Rxe4 Rxe4
31.Kf2 Kg6 32.Rd3 f4 33.gxf4 Qh4+ 34.Kg1 g3 35.Nf3 Qxf4 36.Qxc5 gxh2+ 37.Kh1 bxc5
38.exf4 d4 39.g3 Be6 40.Rd2 Re3 41.Ne5+ Kf6 42.Kxh2  1-0

[Event "chess.com Speed 3m+2spm 2017"]
[Site "chess.com INT"]
[Date "2018.01.03"]
[Round "4.12"]
[White "Carlsen,M"]
[Black "Nakamura,Hi"]
[Result "0-1"]
[WhiteElo "2832"]
[BlackElo "2786"]

1.d4 Nf6 2.c4 g6 3.Nf3 Bg7 4.b4 d6 5.e3 O-O 6.Be2 e5 7.Nc3 e4 8.Nd2 Re8 9.Bb2 h5
10.h3 h4 11.b5 c6 12.a4 Bf5 13.a5 a6 14.bxc6 bxc6 15.O-O Nbd7 16.Na4 Qxa5
17.c5 Qc7 18.cxd6 Qxd6 19.Nc4 Qc7 20.Nc5 a5 21.Bc3 Nxc5 22.dxc5 Nd5 23.Bxg7 Kxg7
24.Qd4+ Kg8 25.Nd6 Reb8 26.Bc4 Rb4 27.Rfb1 Rab8 28.Rxb4 axb4 29.Bxd5 cxd5
30.Qxd5 Be6 31.Qd4 f5 32.Qf6 Bf7 33.c6 b3 34.Rb1 Rb6 35.Ra1 Rb8 36.Nxf7 Qxf7
37.Qd6 Rc8 38.Ra5 Qe8 39.Ra7 Rxc6 40.Qd4 Rc1+ 41.Kh2 Qb8+ 42.g3 hxg3+ 43.Kg2 Rc7
44.Qd5+ Kh7 45.Ra8 Qb7 46.Qd8 Kh6 47.Qh4+ Kg7 48.Qh8+ Kf7 49.Rf8+ Ke6 50.Rf6+ Kd5
51.Qd8+ Kc4 52.Qd4+ Kb5 53.Rd6 Rc4 54.Rd5+ Kb4 55.Qd2+ Ka3 56.Ra5+ Ra4 57.Qc1+ b2
58.Qc3+ Qb3 59.Rxa4+ Kxa4 60.Qc6+ Qb5 61.Qc2+ Ka3 62.Qc3+ Ka2 63.Qc2 Qb3
64.Qd2 gxf2 65.Kxf2 Qd3 66.Qa5+ Kb3  0-1

[Event "chess.com Speed 5m+2spm 2017"]
[Site "chess.com INT"]
[Date "2018.01.03"]
[Round "4.1"]
[White "Nakamura,Hi"]
[Black "Carlsen,M"]
[Result "0-1"]
[WhiteElo "2786"]
[BlackElo "2832"]

1.d4 Nf6 2.Bf4 b6 3.Nf3 Bb7 4.e3 e6 5.h3 Bd6 6.Bxd6 cxd6 7.Nbd2 O-O 8.Bd3 d5
9.c3 d6 10.O-O Ba6 11.Bxa6 Nxa6 12.a4 Nc7 13.Qe2 h6 14.Rfc1 Qd7 15.c4 dxc4
16.Rxc4 Rac8 17.Rac1 Ncd5 18.Ne1 Nb4 19.Nd3 Rxc4 20.Rxc4 Nxd3 21.Qxd3 d5
22.Rc1 Qxa4 23.Qc3 Qb5 24.b3 Qe2 25.Qc2 a5 26.Ne4 Qxc2 27.Nxf6+ gxf6 28.Rxc2 b5
29.Kf1 Ra8 30.Ke2 a4 31.b4 a3 32.Ra2 Ra4 33.Kd2 Rxb4 34.Rxa3 Rb2+ 35.Ke1 b4
36.Ra8+ Kg7 37.Rb8 h5 38.g4 h4 39.Kf1 b3 40.Kg2 Rb1 41.Kf3 e5 42.Kg2 b2 43.Rb5 Kf8
44.Rb7 Ke8 45.g5 exd4 46.exd4 fxg5 47.Rb8+ Kd7  0-1

[Event "Gibraltar Masters 2018"]
[Site "Caleta ENG"]
[Date "2018.01.23"]
[Round "1.3"]
[White "Tate,A"]
[Black "Nakamura,Hi"]
[Result "0-1"]
[WhiteElo "2358"]
[BlackElo "2781"]

1.Nf3 g6 2.e4 d6 3.d4 Nf6 4.Bd3 Bg7 5.O-O O-O 6.Re1 Nc6 7.d5 Nb8 8.c4 e5
9.Nc3 h6 10.c5 Ne8 11.b4 f5 12.Nd2 Nd7 13.c6 bxc6 14.dxc6 Ndf6 15.Bc4+ Kh8
16.Nf3 fxe4 17.Nxe5 Kh7 18.Nf7 Qe7 19.Qb3 d5 20.Nxd5 Qxf7 21.Nb6 Nd5  0-1

[Event "Gibraltar Masters 2018"]
[Site "Caleta ENG"]
[Date "2018.01.24"]
[Round "2.2"]
[White "Nakamura,Hi"]
[Black "Gunina,V"]
[Result "1-0"]
[WhiteElo "2781"]
[BlackElo "2502"]

1.e4 c6 2.d4 d5 3.e5 Bf5 4.h4 h5 5.Bd3 Bxd3 6.Qxd3 e6 7.Bg5 Qa5+ 8.Nd2 Ne7
9.Nf3 Nf5 10.O-O Qa6 11.c4 Bb4 12.b3 Nd7 13.Rfc1 O-O 14.a3 Be7 15.Bxe7 Nxe7
16.Nf1 Rad8 17.Ng3 dxc4 18.bxc4 c5 19.Qe3 cxd4 20.Nxd4 Ng6 21.Nf3 Qa5 22.Re1 Rc8
23.Rad1 Nb6 24.Qg5 Rxc4 25.Qxh5 Qa4 26.Ne2 Nd5 27.g3 Re8 28.Ned4 Nf8 29.Ng5 Re7
30.Nf5 exf5 31.Rxd5 Rd4 32.e6 f6 33.Qf7+ Rxf7 34.exf7+ Kh8 35.Re8 Rd1+ 36.Kg2 fxg5
37.Rxd1 Kh7 38.Rxf8 Qc6+ 39.Kg1 Kg6 40.hxg5 f4 41.gxf4 Qe6 42.Rd3 Qg4+ 43.Rg3 Qxf4
44.Rd8 Kxf7 45.Rd7+ Kg6 46.Rxb7 Qc1+ 47.Kh2 Qf4 48.Rb2 Qh4+ 49.Kg1 Qd4 50.Rb1 Qd2
51.Rbb3 Qe1+ 52.Kg2 Qe4+ 53.Kh2 Qe2 54.Rbf3 Qd2 55.Rf8 Qd6 56.Rc8 Qd4 57.Rc6+ Kf5
58.Rf3+ Kxg5 59.Kg2 Qe4 60.Rc7 Kh6 61.Rc3 Kh7 62.Re3 Qd5 63.Kh2 Qd6+ 64.Rg3 Kg8
65.Rc3 Qf4 66.Kg1 Qe5 67.Rc4 Qe1+ 68.Kg2 Qe5 69.Rcg4 Qd5+ 70.Kg1 Kf8 71.Rxg7 Qd1+
72.Kh2 Qd2 73.Rg8+ Kf7 74.R3g7+ Kf6 75.Rg6+ Kf7 76.R6g7+ Kf6 77.Rg2 Qf4+
78.R8g3 Qh6+ 79.Rh3 Qf4+ 80.Kh1 Qe4 81.Re3 Qd5 82.Kh2 Qh5+ 83.Rh3 Qe2 84.Rh4 Qf3
85.a4 a5 86.Rd4 Qf5 87.Kg3 Qc2 88.Rf4+ Ke6 89.f3 Qg6+ 90.Rg4 Qb1 91.Re2+ Kf5
92.Kg2 Qd3 93.Rge4 Qd1 94.Rb2 Qc1 95.Rb5+ Kf6 96.Rd4 Ke6 97.Rdd5 Qc2+ 98.Kg3 Qxa4
99.Re5+ Kf6 100.Rf5+ Kg6 101.Rfc5 Kf7 102.Rxa5 Qd7 103.Rf5+ Kg6 104.Rfd5 Qe6
105.Re5 Qd6 106.Rd5 Qc7 107.f4 Qc1 108.Re2 Qg1+ 109.Rg2 Qb1 110.Kg4 Kf6 111.Rd6+ Kf7
112.Rgd2 Qg1+ 113.Kf5 Qb1+ 114.R2d3 Qc2 115.Rd7+ Kg8 116.Kf6 Qb2+ 117.R3d4 Qa1
118.Rd8+ Kh7 119.f5 Qc3 120.Kf7 Qh3 121.R4d5 Qg4 122.R8d7 Qh5+ 123.Ke7 Qh4+
124.Kf7 Qh5+ 125.Kf6+ Kh6 126.R5d6 Qe2 127.Kf7+ Kg5 128.f6 Qh5+ 129.Ke7 Qe2+
130.Kf8 Kg6 131.Rg7+ Kf5 132.f7 Qa2 133.Kg8 Ke5 134.Ra6 Qc4 135.Rgg6  1-0

[Event "Gibraltar Masters 2018"]
[Site "Caleta ENG"]
[Date "2018.01.25"]
[Round "3.1"]
[White "Perez Ponsa,F"]
[Black "Nakamura,Hi"]
[Result "0-1"]
[WhiteElo "2553"]
[BlackElo "2781"]

1.e4 c6 2.Nc3 d5 3.Nf3 Bg4 4.h3 Bxf3 5.Qxf3 e6 6.Be2 g6 7.O-O Bg7 8.Rd1 d4
9.Nb1 Ne7 10.d3 c5 11.a4 Nbc6 12.Na3 O-O 13.Qg3 a6 14.Bf4 e5 15.Bd2 Rb8 16.Rf1 b5
17.axb5 axb5 18.f4 Bh6 19.Qh4 Bxf4 20.Bxf4 exf4 21.Rxf4 Ne5 22.Raf1 N7c6
23.Qf2 b4 24.Nb1 b3 25.c4 Nb4 26.Qg3 f6 27.Kh2 Qd6 28.Na3 Nc2 29.Nb5 Qe7
30.R4f2 Ra8 31.Rb1 Ne3 32.Na3 Rf7 33.Re1 Kh8 34.Bf1 Re8 35.Nb1 f5 36.Nd2 Qc7
37.Kg1 f4 38.Qh4 Ref8 39.Be2 Qa5 40.Qg5 Qxd2 41.Qxe5+ Kg8 42.Rb1 Qc2 43.Rbf1 Nxf1
44.Bxf1 Qc1 45.Qxc5 f3 46.g3 Qe3 47.Qd5 h5 48.h4 Kh7 49.Qg5 Ra7 50.Qc5 Ra1
51.Qe7+ Kg8 52.Qe6+ Kg7 53.Qe7+ Rf7  0-1

[Event "Gibraltar Masters 2018"]
[Site "Caleta ENG"]
[Date "2018.01.26"]
[Round "4.1"]
[White "Nakamura,Hi"]
[Black "Grandelius,N"]
[Result "1-0"]
[WhiteElo "2781"]
[BlackElo "2647"]

1.e4 c5 2.Nf3 d6 3.d4 cxd4 4.Nxd4 Nf6 5.Nc3 a6 6.Be3 e6 7.f3 b5 8.Qd2 b4
9.Na4 Nbd7 10.O-O-O Qa5 11.b3 Bb7 12.a3 Qc7 13.axb4 d5 14.Bf2 Bd6 15.exd5 Nxd5
16.Bg3 Rc8 17.c4 Bxb4 18.Qg5 Qa5 19.Qxg7 Rf8 20.Nc2 Bc6 21.Qa1 Nc5 22.Nxc5 Qxa1+
23.Nxa1 Ba3+ 24.Kd2 Bb4+ 25.Kd3 Nc3 26.Nxa6 Rd8+ 27.Kc2 Rxd1 28.Nxb4 Rxa1
29.Kxc3 Kd7 30.Nc2 Rb1 31.Ne1 Ra8 32.Bd3 Rc1+ 33.Kd2 Raa1 34.Be5 Rd1+ 35.Ke2 Rac1
36.Bb2  1-0

[Event "Gibraltar Masters 2018"]
[Site "Caleta ENG"]
[Date "2018.01.27"]
[Round "5.1"]
[White "Duda,J"]
[Black "Nakamura,Hi"]
[Result "0-1"]
[WhiteElo "2724"]
[BlackElo "2781"]

1.e4 c5 2.Nf3 d6 3.d4 cxd4 4.Nxd4 Nf6 5.Nc3 g6 6.Be3 Bg7 7.f3 O-O 8.Qd2 Nc6
9.O-O-O d5 10.Qe1 e5 11.Nxc6 bxc6 12.exd5 Nxd5 13.Bc4 Be6 14.Kb1 Rb8 15.Ne4 Qc7
16.Bc5 Rfd8 17.g4 h6 18.h4 f5 19.gxf5 gxf5 20.Ng3 Qf7 21.Bb3 Rd7 22.Ne2 Rbd8
23.h5 Kh7 24.Qa5 Nf4 25.Rxd7 Rxd7 26.Nxf4 exf4 27.Qe1 Bd5 28.Bb4 c5 29.Bxd5 Qxd5
30.Ba3 Qxf3 31.Bxc5 Rb7 32.b3 Qd5 33.Ba3 Qd4 34.c3 Qd3+ 35.Kb2 f3 36.Bc5 f2
37.Bxf2 Re7 38.Qxe7 Qxc3+ 39.Ka3 Qa5+  0-1

[Event "Gibraltar Masters 2018"]
[Site "Caleta ENG"]
[Date "2018.01.28"]
[Round "6.1"]
[White "Nakamura,Hi"]
[Black "Howell,D"]
[Result "1/2-1/2"]
[WhiteElo "2781"]
[BlackElo "2682"]

1.e4 e5 2.Nf3 Nc6 3.d4 exd4 4.Nxd4 Qf6 5.Nb3 Qg6 6.Qe2 Nf6 7.f3 a5 8.Be3 d5
9.Nc3 dxe4 10.O-O-O Be7 11.Nb5 O-O 12.Nxc7 Rb8 13.Qb5 Bd7 14.Nc5 Nd4 15.Qb6 Bxc5
16.Qxc5 Ne6 17.Nxe6 Bxe6 18.Qg5 exf3 19.gxf3 Rfc8 20.Qxg6 hxg6 21.a3 b5 22.Bd4 b4
23.axb4 axb4 24.Bd3 Nd7 25.Rhe1 Rc6 26.Be4 Ra6 27.b3 Nf6 28.Be5 Re8 29.Bd3 Ra5
30.Kb2 Nd5 31.Bc4 Rea8 32.Bxd5 Bxd5  1/2-1/2

[Event "Gibraltar Masters 2018"]
[Site "Caleta ENG"]
[Date "2018.01.29"]
[Round "7.1"]
[White "Nakamura,Hi"]
[Black "Antipov,M2"]
[Result "1/2-1/2"]
[WhiteElo "2781"]
[BlackElo "2588"]

1.e4 e6 2.d4 d5 3.Nd2 c5 4.exd5 Qxd5 5.Ngf3 cxd4 6.Bc4 Qd6 7.O-O Nf6 8.Nb3 Nc6
9.Nbxd4 Nxd4 10.Nxd4 a6 11.Bb3 Qc7 12.Qf3 Bd6 13.h3 Bh2+ 14.Kh1 Be5 15.c3 Bd7
16.Re1 O-O 17.Bg5 h6 18.Bh4 Bxd4 19.cxd4 Bc6 20.Qe3 Nd5 21.Qe5 Qd7 22.a3 Rac8
23.f3 Ba4 24.Bxd5 exd5 25.Qe7 Rfe8 26.Qxd7 Bxd7 27.Rxe8+ Rxe8 28.Re1 Rxe1+
29.Bxe1 f6 30.Bd2 Kf7  1/2-1/2

[Event "Gibraltar Masters 2018"]
[Site "Caleta ENG"]
[Date "2018.01.30"]
[Round "8.1"]
[White "Wang Hao"]
[Black "Nakamura,Hi"]
[Result "1/2-1/2"]
[WhiteElo "2711"]
[BlackElo "2781"]

1.e4 e5 2.Nf3 Nc6 3.Bb5 Nf6 4.d3 Bc5 5.c3 O-O 6.Bxc6 bxc6 7.Nxe5 d5 8.d4 Bb6
9.O-O Nxe4 10.Nxc6 Qd6 11.Nb4 c6 12.Nd2 Bc7 13.g3 Qg6 14.Nf3 Bg4 15.Nh4 Qh5
16.Qc2 Bh3 17.Qd1 Bg4 18.Qc2 Bh3 19.Qd1  1/2-1/2

[Event "Gibraltar Masters 2018"]
[Site "Caleta ENG"]
[Date "2018.01.31"]
[Round "9.2"]
[White "Nakamura,Hi"]
[Black "Rapport,R"]
[Result "1/2-1/2"]
[WhiteElo "2781"]
[BlackElo "2700"]

1.Nf3 Nf6 2.g3 b6 3.Bg2 Bb7 4.d4 e6 5.c4 Be7 6.O-O O-O 7.Re1 a5 8.Bf4 Na6
9.Nc3 Ne4 10.Nd2 Nxc3 11.bxc3 Bxg2 12.Kxg2 Nb8 13.e4 d6 14.Nf3 a4 15.e5 Ra5
16.Qe2 Nc6 17.Rad1 dxe5 18.Bxe5 Nxe5 19.Nxe5 Qa8+ 20.Qe4 Qxe4+ 21.Rxe4 Bd6
22.Nc6 Raa8 23.Kf1 a3 24.Ke2 Ra4 25.Kd3 Rfa8 26.f4 Kf8 27.Rf1 h5 28.h3 g6
29.g4 hxg4 30.hxg4 Kg7 31.f5 exf5 32.gxf5 Rh8 33.f6+  1/2-1/2

[Event "Gibraltar Masters TB 2018"]
[Site "Caleta ENG"]
[Date "2018.02.01"]
[Round "1.2"]
[White "Vachier Lagrave,M"]
[Black "Nakamura,Hi"]
[Result "1/2-1/2"]
[WhiteElo "2793"]
[BlackElo "2781"]

1.Nf3 d5 2.d4 Nf6 3.c4 e6 4.Nc3 Be7 5.Bf4 O-O 6.e3 c5 7.dxc5 Bxc5 8.cxd5 Nxd5
9.Nxd5 exd5 10.a3 Nc6 11.Bd3 Bb6 12.O-O Qf6 13.b4 h6 14.b5 Nd4 15.Nxd4 Bxd4
16.Rb1 Be5 17.Bxe5 Qxe5 18.Rb4 Be6 19.Qa1 Qxa1 20.Rxa1 Rfc8 21.Kf1 Kf8 22.Ke2 Ke7
23.Kd2 Kd6 24.a4  1/2-1/2

[Event "Gibraltar Masters TB 2018"]
[Site "Caleta ENG"]
[Date "2018.02.01"]
[Round "1.1"]
[White "Nakamura,Hi"]
[Black "Vachier Lagrave,M"]
[Result "1/2-1/2"]
[WhiteElo "2781"]
[BlackElo "2793"]

1.d4 Nf6 2.c4 g6 3.Nc3 d5 4.cxd5 Nxd5 5.e4 Nxc3 6.bxc3 Bg7 7.Qa4+ Qd7 8.Qb3 O-O
9.Nf3 c5 10.Be3 b6 11.Rd1 Qc7 12.Be2 Nd7 13.e5 e6 14.h4 Bb7 15.h5 Rac8 16.h6 Bh8
17.O-O Bd5 18.Qa3 f6 19.c4 Bxf3 20.Bxf3 cxd4 21.Bxd4 fxe5 22.Be3 Bf6 23.Bg4 Rfe8
24.f4 e4 25.Rfe1 Nf8 26.Rc1 Red8 27.c5 bxc5 28.Rxc5 Qe7 29.Ra5 Qxa3 30.Rxa3 Rd3
31.Ra4 Bh4 32.Bf2 Bxf2+ 33.Kxf2 Rc2+ 34.Re2 e3+ 35.Kf3 Rxe2 36.Kxe2 Rd7 37.Kxe3 Kf7
38.Ra6 Kf6 39.Rc6 Re7 40.Ra6 Rd7 41.Rc6 Re7 42.g3 Nd7 43.Bd1 g5 44.Bc2 gxf4+
45.gxf4 Nb6 46.Be4 Nd7 47.a4 Kf7 48.Kf3 Nf6 49.a5 Rb7 50.Bc2 Ke7 51.a6 Rd7
52.Ke2 Rd6 53.Rc7+ Rd7 54.Rc6 Rd6 55.Rc7+  1/2-1/2

[Event "Gibraltar Masters TB 2018"]
[Site "Caleta ENG"]
[Date "2018.02.01"]
[Round "1.4"]
[White "Nakamura,Hi"]
[Black "Vachier Lagrave,M"]
[Result "1/2-1/2"]
[WhiteElo "2781"]
[BlackElo "2793"]

1.d4 Nf6 2.c4 g6 3.Nc3 d5 4.cxd5 Nxd5 5.e4 Nxc3 6.bxc3 Bg7 7.Qa4+ Qd7 8.Qb3 O-O
9.Be3 c5 10.d5 b5 11.Bxc5 Qc7 12.Bd4 Bxd4 13.cxd4 Qa5+ 14.Kd1 Bd7 15.Bd3 Rc8
16.Ne2 Na6 17.Rc1 Nb4 18.Bb1 Rc4 19.Rxc4 bxc4 20.Qc3 Rb8 21.Kd2 Qa6 22.a3 Nxd5
23.exd5 Rb3 24.Qc1 Qa5+ 25.Nc3 Qb6 26.Ne2 Rb2+ 27.Ke3 Rb3+ 28.Nc3 Qa5 29.Kd2 Qb6
30.Ke2 Qxd4 31.Nd1 Bb5 32.Bc2 c3+ 33.Kf3 Qxd5+ 34.Kg3 Qd6+ 35.f4 Rxa3 36.Ne3 e5
37.f5 e4+ 38.Kh3 Bd7 39.Rd1 Qf4 40.Rf1 Qh6+ 41.Kg3 Ra5 42.Nc4 Qxc1 43.Rxc1 Rc5
44.Ne3 gxf5 45.Ra1 a5 46.Kf4 Kg7 47.Ra3 Be6 48.Nd1 Rd5 49.Rxc3 Rd2 50.Kg3 f4+
51.Kxf4 Rxg2 52.Rg3+ Rxg3 53.hxg3 f5 54.Ne3 Kf6 55.Ba4 Bc8 56.Nd5+ Kf7 57.Ne3 Kf6
58.Nc4 Be6 59.Nxa5 e3 60.Bb5 Bd5 61.Be2 Kg6 62.Bd3 Be4 63.Bc4 h5 64.Nb3 h4
65.g4 h3  1/2-1/2

[Event "Gibraltar Masters 2018"]
[Site "Caleta ENG"]
[Date "2018.02.01"]
[Round "10.1"]
[White "Aronian,L"]
[Black "Nakamura,Hi"]
[Result "1/2-1/2"]
[WhiteElo "2797"]
[BlackElo "2781"]

1.d4 d6 2.e4 g6 3.Nf3 Nf6 4.Nc3 Bg7 5.Be3 Nc6 6.d5 Nb8 7.Qd2 c6 8.Be2 O-O
9.O-O cxd5 10.exd5 b6 11.Bh6 Bb7 12.Bxg7 Kxg7 13.Nd4 a6 14.a4 Nbd7 15.f4 b5
16.axb5 axb5 17.Bxb5 Nxd5 18.Nxd5 Bxd5 19.c4 Bb7 20.Rae1 Kg8 21.Bxd7 Qxd7
22.f5 Qc7 23.Rf4 Qb6 24.Rh4 h5 25.Rxh5 gxh5 26.Qg5+ Kh7 27.Qxh5+ Kg8 28.Qg4+ Kh7
29.Qh4+ Kg8 30.Qg4+ Kh7  1/2-1/2

[Event "Region Blitz Moscow 2018"]
[Site "Moscow RUS"]
[Date "2018.03.01"]
[Round "7.2"]
[White "Nakamura,Hi"]
[Black "Mamedyarov,S"]
[Result "1/2-1/2"]
[WhiteElo "2787"]
[BlackElo "2809"]

1.d4 Nf6 2.c4 e6 3.Nf3 d5 4.Nc3 c6 5.Bg5 h6 6.Bh4 dxc4 7.e4 g5 8.Bg3 b5 9.Be2 Bg7
10.e5 Nh5 11.O-O O-O 12.Qc2 Nxg3 13.hxg3 g4 14.Nh2 h5 15.Rad1 Nd7 16.f3 c5
17.dxc5 Qc7 18.fxg4 Nxc5 19.gxh5 b4 20.Ne4 Qxe5 21.Nf6+ Bxf6 22.Ng4 b3 23.axb3 cxb3
24.Qc1 Bg5 25.Nxe5 Bxc1 26.Rxc1 Ba6 27.Bxa6 Nxa6 28.Rc6 Nb4 29.Rc4 Nd5 30.Rg4+ Kh7
31.Rxf7+ Rxf7 32.Nxf7 Rg8 33.Ng5+ Kh6 34.Nf7+ Kh7 35.Re4 Rxg3 36.Rxe6 Rxg2+
37.Kf1 Rg4 38.Re5 Nb4 39.Rb5 Nd3 40.Rxb3 Rf4+ 41.Kg1 Nxb2 42.Rb7 Nc4 43.Nd6+ Kh6
44.Nxc4 Rxc4  1/2-1/2

[Event "Region Blitz Moscow 2018"]
[Site "Moscow RUS"]
[Date "2018.03.01"]
[Round "7.1"]
[White "Mamedyarov,S"]
[Black "Nakamura,Hi"]
[Result "1-0"]
[WhiteElo "2809"]
[BlackElo "2787"]

1.d4 Nf6 2.c4 e6 3.Nc3 Bb4 4.Nf3 O-O 5.Bg5 c5 6.e3 h6 7.Bxf6 Qxf6 8.Rc1 cxd4
9.exd4 d5 10.cxd5 exd5 11.Be2 Bxc3+ 12.bxc3 Nc6 13.O-O b6 14.Re1 Bf5 15.Nd2 Rac8
16.Nf1 Rfd8 17.Ne3 Be6 18.Bd3 Ne7 19.g3 Rc7 20.Bb1 Rdc8 21.Qd2 h5 22.h4 g6
23.Bd3 Rd8 24.Ng2 Bf5 25.Nf4 Bxd3 26.Qxd3 Nc6 27.Rc2 Re7 28.Rce2 Rxe2 29.Rxe2 Kg7
30.Qf3 Qf5 31.Kg2 b5 32.a3 a5 33.Rb2 b4 34.cxb4 axb4 35.axb4 Qf6 36.b5 Nxd4
37.Qc3 Nf5 38.Qxf6+ Kxf6 39.b6 Ke5 40.b7 Rb8 41.Rb6 d4 42.Kf3 Ne7 43.Ke2 Ke4
44.Rb5 d3+ 45.Nxd3 Kd4 46.Ne5  1-0

[Event "11th Tal Mem Rapid 2018"]
[Site "Moscow RUS"]
[Date "2018.03.04"]
[Round "7.1"]
[White "Nakamura,Hi"]
[Black "Kramnik,V"]
[Result "1-0"]
[WhiteElo "2787"]
[BlackElo "2800"]

1.Nf3 d5 2.g3 g6 3.Bg2 Bg7 4.d4 Nf6 5.O-O O-O 6.c4 c6 7.Qb3 Qb6 8.Nc3 Bf5
9.Ne5 Be6 10.Qd1 dxc4 11.Na4 Qd8 12.Nc5 Qc8 13.Qc2 Bh3 14.Qxc4 Bxg2 15.Kxg2 Nbd7
16.Ncd3 Nxe5 17.dxe5 Nd5 18.b3 Rd8 19.Bb2 a5 20.Rad1 a4 21.e4 Nb6 22.Qb4 Qc7
23.Bd4 Nd7 24.e6 Bxd4 25.exf7+ Kxf7 26.Qxd4 axb3 27.axb3 Nf8 28.Qh8 Ke8 29.Nc5 Kf7
30.e5 Qc8 31.e6+ Nxe6 32.Qxh7+ Ng7 33.Rde1 Rg8 34.Re6 Qd8 35.Qxg6+ Kf8 36.Re3  1-0

[Event "11th Tal Mem Rapid 2018"]
[Site "Moscow RUS"]
[Date "2018.03.04"]
[Round "8.5"]
[White "Nakamura,Hi"]
[Black "Karjakin,Sergey"]
[Result "1/2-1/2"]
[WhiteElo "2787"]
[BlackElo "2763"]

1.Nf3 Nf6 2.g3 c5 3.Bg2 Nc6 4.d4 cxd4 5.Nxd4 e5 6.Nxc6 dxc6 7.Nd2 Be7 8.b3 Be6
9.Bb2 Nd7 10.O-O O-O 11.e3 Qc7 12.Qe2 a5 13.a4 Rad8 14.Rad1 b5 15.Ra1 f6
16.Rfd1 Rb8 17.Bc3 b4 18.Bb2 Nb6 19.Rac1 Rfd8 20.e4 Bc5 21.Nf3 Bf8 22.Nd2 Bc5
23.Nf3 Bf8 24.Nd2 Bc5 25.Bf3 Rd6 26.Nf1 Rbd8 27.Rxd6 Qxd6 28.Bg4 Bf7 29.Ne3 g6
30.Rd1 Bd4 31.Bh3 c5 32.Qb5 Ra8 33.Bc1 h5 34.Bf1 Kg7 35.Qe2 Qc6 36.g4 Rh8
37.Qf3 hxg4 38.Qxg4 Be6 39.Qg3 Kf7 40.Bg2 c4 41.bxc4 Nxc4 42.Nf5 Qxa4 43.Nxd4 exd4
44.Bf1 Ne5 45.Bf4 Bg4 46.Bxe5 Bxd1 47.Bc4+ Kg7 48.Bxf6+ Kxf6 49.Qd6+ Kg7
50.Qe7+ Kh6 51.Qh4+ Bh5 52.Qf4+ Kh7 53.Qf7+ Kh6 54.Qf4+  1/2-1/2